Guess the U.S. State by Their Biggest City - Statistics

General Stats
  • This quiz has been taken 82 times
  • The average score is 43 of 50
Answer Stats
City State % Correct
Los Angeles California
94%
Phoenix Arizona
92%
Las Vegas Nevada
92%
Indianapolis Indiana
91%
Salt Lake City Utah
91%
Anchorage Alaska
89%
Little Rock Arkansas
89%
Atlanta Georgia
89%
Boise Idaho
89%
Boston Massachusetts
89%
Omaha Nebraska
89%
New York City New York
89%
Colombus Ohio
89%
Houston Texas
89%
Charleston (W) West Virginia
89%
Honolulu Hawaii
87%
Chicago Illinois
87%
Des Moines Iowa
87%
Oklahoma City Oklahoma
87%
Providence Rhode Island
87%
Cheyenne Wyoming
87%
Minneapolis Minnesota
85%
Jackson Mississippi
85%
Albuquerque New Mexico
85%
Charlotte North Carolina
85%
Portland (O) Oregon
85%
Charleston (S) South Carolina
85%
Virginia Beach Virginia
85%
Seattle Washington
85%
Denver Colorado
83%
New Orleans Louisiana
83%
Portland (M) Maine
83%
Kansas City Missouri
83%
Newark New Jersey
83%
Fargo North Dakota
83%
Sioux Falls South Dakota
83%
Nashville Tennessee
83%
Milwaukee Wisconsin
83%
Jacksonville Florida
81%
Wichita Kansas
81%
Louisville Kentucky
81%
Baltimore Maryland
81%
Detroit Michigan
81%
Philadelphia Pennsylvania
81%
Huntsville Alabama
79%
Bridgeport Connecticut
79%
Manchester New Hampshire
79%
Burlington Vermont
79%
Billings Montana
77%
Wilmington Delaware
75%
No matching quizzes found
Score Distribution
Percent of People with Each Score
Percentile by Number Answered
Your Score History
You have not taken this quiz